| 000 | 00429nam a22001817a 4500 | ||
|---|---|---|---|
| 005 | 20230821120504.0 | ||
| 008 | 230818b |||||||| |||| 00| 0 eng d | ||
| 020 | _a978-81-905-681-2-8 | ||
| 041 | _aeng | ||
| 082 | _a617 -DAS-C | ||
| 100 |
_aDAS, SOMEN _98152 |
||
| 245 | _aA CONCISE TEXTBOOK OF SURGERY | ||
| 250 | _a11TH, ED. 2020 | ||
| 260 |
_aKOLKATA _bSD _c2020 |
||
| 300 | _a1421;p | ||
| 650 |
_aBPT _98153 |
||
| 942 | _cBK | ||
| 999 |
_c8406 _d8404 |
||